| 000 | 00542cam a22001931 4500 | ||
|---|---|---|---|
| 001 | ne 67001029 | ||
| 003 | DLC | ||
| 005 | 20260227111832.0 | ||
| 008 | 890515s1966 ua c 000 0 arar | ||
| 010 | _ane 67001029 | ||
| 025 | _aPL480:UAR-8010 | ||
| 035 | _a(OCoLC)19707609 | ||
| 040 |
_aDLC _cWaU _dWaU _dDLC |
||
| 050 | 0 | 0 |
_aZ1003 _b.L57 |
| 245 | 0 | 0 |
_aLimādhā naqraʼ? _bLaṭāʼif min al-mufakkirīn. |
| 260 |
_aMiṣr, _bDār al-Maʻārif _c[1966] |
||
| 300 |
_a139 p. _bports. _c18 cm. |
||
| 650 | 0 |
_aBooks and reading _zArab countries. |
|
| 999 |
_c49633 _d49633 |
||